| 000 | 01066cam a2200349u 4500 | ||
|---|---|---|---|
| 001 | data | ||
| 005 | 20260322212111.0 | ||
| 008 | data | ||
| 035 | _a6407620 | ||
| 906 |
_a0 _bcbc _cpremunv _du _encip _f19 _gy-gencatlg |
||
| 010 | _a 31002305 | ||
| 035 | _9(DLC) 31002305 | ||
| 040 |
_aDLC _cCarP _dDLC |
||
| 043 | _ae------ | ||
| 050 | 0 | 0 |
_aHJ236 _b.G4 1927 |
| 110 | 1 |
_aGermany. _bStatistisches reichsamt. |
|
| 245 | 1 | 4 | _aDie staatsausgaben von Grossbritannien, Frankreich, Belgien und Italian in der vor- und nachkriegszeit. |
| 260 |
_aBerlin, _bR. Hobbing, _c1927. |
||
| 300 |
_a574 p. _bincl. tables. _c31 cm. |
||
| 336 |
_atext _btxt _2rdacontent |
||
| 337 |
_aunmediated _bn _2rdamedia |
||
| 338 |
_avolume _bnc _2rdacarrier |
||
| 650 | 0 | _aFinance. | |
| 650 | 0 | _aBudget. | |
| 650 | 0 |
_aFinance _zGreat Britain. |
|
| 650 | 0 |
_aFinance _zFrance. |
|
| 650 | 0 |
_aFinance _zBelgium. |
|
| 650 | 0 |
_aFinance _zItaly. |
|
| 650 | 0 | _aMunicipal finance. | |
| 991 |
_bc-GenColl _hHJ236 _i.G4 1927 _tCopy 1 _wPREM |
||
| 999 |
_c1661 _d1661 |
||